000 01537nam a22003374i 4500
001 991061199978206706
003 ES-BaIT
005 20241104125337.0
008 241021s2024 sp 000 d spa c
017 _aDL M 18393-2024
_bOficina DL Madrid
020 _a9788491924586
_q(Iberoamericana)
040 _aES-BaIT
_bcat
_erda
_cES-BaIT
080 _a860-2"16"
100 1 _aCalderón de la Barca, Pedro,
_d1600-1681
_eautor
_910875
245 1 0 _aNo hay burlas con el amor /
_cPedro Calderón de la Barca ; edición de Ignacio Arellano
264 1 _aMadrid
_bIberoamericana ;
_aFrankfurt am Main :
_bVervuert ;
_c[2024]
300 _a181 pàgines
_c24 cm
336 _atext
_btxt
_2rdacontent
337 _asense mediació
_bn
_2rdamedia
338 _avolum
_bnc
_2rdacarrier
490 1 _aBiblioteca áurea hispánica ;
_v169
490 1 _aComedias completas de Calderón ;
_v23
505 0 _aCubierta -- Portada -- Página de derechos de autor -- Índice -- Introducción -- Nota preliminar -- El sentido cómico de No hay burlas con el amor -- ¿Poder patriarcal y rebelión feminista? -- Comentario textual -- Datación -- Bibliografía -- Texto de la comedia -- Lista de variantes -- Índice de notas -- Contraportada
600 1 7 _aCalderón de la Barca, Pedro,
_d1600-1681
_xCrítica i interpretació
_955331
700 1 _aArellano, Ignacio
_eeditor
_95189
830 _aBiblioteca calderoniana
_v23
_9137270
830 _aBiblioteca Áurea hispánica
_v169
_982237
908 _aCDMAE
940 _aCVA2
942 _2udc
_c1
999 _c135734
_d135734